Die onregmatige daad in die Suid-Afrikaanse reg / (Record no. 413)

MARC details
000 -LEADER
fixed length control field 00619nam a22001817a 4500
005 - DATE AND TIME OF INPUT
control field 20231108095649.0
008 - DATA ELEMENTS--GENERAL INFORMATION
fixed length control field 231108b |||||||| |||| 00| 0 eng d
020 ## - INTERNATIONAL STANDARD BOOK NUMBER
International Standard Book Number 0799304913
041 ## - LANGUAGE CODE
Language code of text Afrikaans
082 ## - SHELF NUMBER
DDC number 346.3 VAN
100 ## - MAIN AUTHOR
Main author's name Van der Merwe, NJ en Olivier, PJJ
Language of a work Afrikaans
245 ## - TITLE STATEMENT
Title Die onregmatige daad in die Suid-Afrikaanse reg /
Statement of responsibility, etc. NJ Van der Merwe en PJJ Olivier
250 ## - EDITION STATEMENT
Edition statement Vierde Uitgawe
260 ## - PUBLICATION, DISTRIBUTION, ETC.
Place of publication, distribution, etc. Pretoria :
Name of publisher, distributor, etc. J.P. Van der Walt en Seun (EDMS) Bpk,
Date of publication, distribution, etc. 1980
300 ## - PHYSICAL DESCRIPTION
Other physical details lxxi, 584 pages ;
Dimensions 23,5 cm.
650 ## - SUBJECT`
Broad subject Legal practice
Own subject terms Law
942 ## - ADDED ENTRY ELEMENTS (KOHA)
Item type Books
942 ## - ADDED ENTRY ELEMENTS (KOHA)
-- ALISON_BN_VRIES
Holdings
Source of classification or shelving scheme Not for loan Collection code Home library Current library Shelving location Date acquired Full call number Barcode Price effective from Koha item type
Dewey Decimal Classification   TEXT BOOKS LAW SOCIETY OF NAMIBIA LIBRARY - WINDHOEK LAW SOCIETY OF NAMIBIA LIBRARY - WINDHOEK Damage law 11/08/2023 346.3 VAN LSN/1987/150 11/08/2023 Books